<?xml version="1.0" encoding="UTF-8"?>
<record
    xmlns:xsi="http://www.w3.org/2001/XMLSchema-instance"
    xsi:schemaLocation="http://www.loc.gov/MARC21/slim http://www.loc.gov/standards/marcxml/schema/MARC21slim.xsd"
    xmlns="http://www.loc.gov/MARC21/slim">

  <leader>01620nam a2200313 a 4500</leader>
  <controlfield tag="001">000030687</controlfield>
  <controlfield tag="003">OSt</controlfield>
  <controlfield tag="005">20201001123911.0</controlfield>
  <controlfield tag="008">110526s1921    wauab         000 0 spa d</controlfield>
  <datafield tag="040" ind1=" " ind2=" ">
    <subfield code="a">DO-SdBNP</subfield>
    <subfield code="b">spa</subfield>
    <subfield code="c">BNPHU</subfield>
  </datafield>
  <datafield tag="082" ind1=" " ind2="4">
    <subfield code="a">559.7293</subfield>
    <subfield code="b">V364g</subfield>
  </datafield>
  <datafield tag="100" ind1="1" ind2=" ">
    <subfield code="a">Vaughan, Thomas Wayland,</subfield>
    <subfield code="d">1870-1952.</subfield>
    <subfield code="9">36748</subfield>
  </datafield>
  <datafield tag="245" ind1="1" ind2="0">
    <subfield code="a">A geological reconnaissance of the dominican republic /</subfield>
    <subfield code="c">T. W. Vaughan, Wythe Cooke, D. D. Condit, C. P. Ross, W. P. Woodring,  F. C. Calkins. </subfield>
  </datafield>
  <datafield tag="260" ind1=" " ind2=" ">
    <subfield code="a">Washington :</subfield>
    <subfield code="b">[Gibson brothers, inc.],</subfield>
    <subfield code="c">1921.</subfield>
  </datafield>
  <datafield tag="300" ind1=" " ind2=" ">
    <subfield code="a">268 p. :</subfield>
    <subfield code="b">il. ;</subfield>
    <subfield code="c">26 cm.</subfield>
  </datafield>
  <datafield tag="490" ind1="1" ind2=" ">
    <subfield code="v">1</subfield>
  </datafield>
  <datafield tag="500" ind1=" " ind2=" ">
    <subfield code="a">A la cabeza del titulo : Thomas Snowden, rear admiral, U.S. navy, military governor of Santo Domingo. R.M. Warfield, lieut. commander, C.E.C., U.S. navy, in charge of the Secretaryship of state of fomento and communications. Geological survey of the Dominican republic. Thomas Wayland Vaughan, geologist in charge. Official publications of the Secretaryship of state of fomento and communications, Dominican republic.</subfield>
  </datafield>
  <datafield tag="500" ind1=" " ind2=" ">
    <subfield code="a">Publicaci&#xF3;n oficial de la  Secretaryship of state of fomento and
   communications, Dominican republic.</subfield>
  </datafield>
  <datafield tag="504" ind1=" " ind2=" ">
    <subfield code="a">Bibliograf&#xED;a: p. 18-25.</subfield>
  </datafield>
  <datafield tag="650" ind1=" " ind2=" ">
    <subfield code="a">Geolog&#xED;a</subfield>
    <subfield code="z">Rep&#xFA;blica Dominicana</subfield>
    <subfield code="9">1742</subfield>
  </datafield>
  <datafield tag="700" ind1="1" ind2="2">
    <subfield code="a">Cooke, Charles Wythe,</subfield>
    <subfield code="d">1887-</subfield>
    <subfield code="9">57265</subfield>
  </datafield>
  <datafield tag="700" ind1="1" ind2="2">
    <subfield code="a">Condit, Daniel Dale,</subfield>
    <subfield code="d">1886-</subfield>
    <subfield code="9">57266</subfield>
  </datafield>
  <datafield tag="700" ind1="1" ind2="2">
    <subfield code="a">Ross, Clyde P. (Clyde Polhemus),</subfield>
    <subfield code="d">1891-</subfield>
    <subfield code="9">57267</subfield>
  </datafield>
  <datafield tag="700" ind1="1" ind2="2">
    <subfield code="a">Woodring, W. P. (Wendell Phillips),</subfield>
    <subfield code="d">1891-1983.</subfield>
    <subfield code="9">57268</subfield>
  </datafield>
  <datafield tag="711" ind1="2" ind2=" ">
    <subfield code="a">Geological Survey (U.S.)</subfield>
    <subfield code="9">76724</subfield>
  </datafield>
  <datafield tag="830" ind1=" " ind2="0">
    <subfield code="n">1</subfield>
    <subfield code="9">57269</subfield>
  </datafield>
  <datafield tag="910" ind1=" " ind2=" ">
    <subfield code="a">Validado. Control de calidad MFF</subfield>
  </datafield>
  <datafield tag="942" ind1=" " ind2=" ">
    <subfield code="2">ddc</subfield>
    <subfield code="c">LF1</subfield>
  </datafield>
  <datafield tag="952" ind1=" " ind2=" ">
    <subfield code="0">0</subfield>
    <subfield code="1">0</subfield>
    <subfield code="2">ddc</subfield>
    <subfield code="5">0</subfield>
    <subfield code="7">1</subfield>
    <subfield code="8">MO</subfield>
    <subfield code="a">PD</subfield>
    <subfield code="b">PD</subfield>
    <subfield code="c">OR</subfield>
    <subfield code="d">2011-05-26</subfield>
    <subfield code="i">LF1</subfield>
    <subfield code="l">0</subfield>
    <subfield code="o">559.7293   V364g</subfield>
    <subfield code="p">30687-10</subfield>
    <subfield code="r">2020-06-25</subfield>
    <subfield code="w">2020-06-25</subfield>
    <subfield code="y">1</subfield>
    <subfield code="z">Perteneci&#xF3; a la biblioteca personal de  Mart&#xED;nez Boog.</subfield>
  </datafield>
  <datafield tag="999" ind1=" " ind2=" ">
    <subfield code="c">30179</subfield>
    <subfield code="d">30179</subfield>
  </datafield>
</record>
